LEADER 00752nam0-22002771i-450- 001 990006860100403321 005 20130318162031.0 035 $a000686010 035 $aFED01000686010 035 $a(Aleph)000686010FED01 035 $a000686010 100 $a20010426d--------km-y0itay50------ba 101 0 $aita 105 $ay-------001yy 200 1 $a<>labour aristocracy$e1851-1914$fTrevor Lummis. 210 $aAldershot$cScolar Press$d1994. 215 $aXII, 196 p.$d24 cm 676 $a305.5620942 700 1$aLummis,$bTrevor$0253447 801 0$aIT$bUNINA$gRICA$2UNIMARC 901 $aBK 912 $a990006860100403321 952 $aXI A 1851$b31906$fFSPBC 959 $aFSPBC 996 $aLabour aristocracy$9624447 997 $aUNINA LEADER 01392oam 2200325z- 450 001 9910694358803321 005 20070928084440.0 035 $a(CKB)5470000000935475 035 $a(WsH)cbhfdsohennkcv 035 $a(BIP)016442958 035 $a(EXLCZ)995470000000935475 100 $a20211006c2007uuuu -u- - 101 0 $aeng 200 10$aOversight hearing on the administration of the Veterans Benefits Administration's pension program $ehearing before the Committee on Veterans' Affairs, House of Representatives, Subcommittee on Disability Assistance and Memorial Affairs, One Hundred Ninth Congress, second session, September 27, 2006 215 $a1 online resource (iii, 25 p.) 311 $a0-16-079290-8 517 $aOversight hearing on the administration of the Veterans Benefits Administration's pension program 606 $aMilitary pensions$zUnited States$xEvaluation 606 $aDisabled veterans$xPensions$zUnited States$xEvaluation 610 $aUnited States 610 $aPensions, military 610 $aDisability evaluation 610 $aHistory 610 $aLaw 615 0$aMilitary pensions$xEvaluation. 615 0$aDisabled veterans$xPensions$xEvaluation. 906 $aBOOK 912 $a9910694358803321 996 $aOversight hearing on the administration of the Veterans Benefits Administration's pension program$93198723 997 $aUNINA